Library Banner

Zeest kitabi silsila/ (Record no. 98926)

MARC details
000 -LEADER
fixed length control field 00340nam a22001337a 4500
005 - DATE AND TIME OF LATEST TRANSACTION
control field 20171009100729.0
008 - FIXED-LENGTH DATA ELEMENTS--GENERAL INFORMATION
fixed length control field 171009b xxu||||| |||| 00| 0 eng d
040 ## - CATALOGING SOURCE
Transcribing agency PK-LaUMT
082 ## - DEWEY DECIMAL CLASSIFICATION NUMBER
Classification number RHC 891.4398
Item number ZEE-
245 ## - TITLE STATEMENT
Title Zeest kitabi silsila/
Statement of responsibility, etc Ansar Sheikh(compiler)
260 ## - PUBLICATION, DISTRIBUTION, ETC. (IMPRINT)
Place of publication, distribution, etc کراچی:
Name of publisher, distributor, etc [ ]
Date of publication, distribution, etc 2014
300 ## - PHYSICAL DESCRIPTION
Extent 303 ص
942 ## - ADDED ENTRY ELEMENTS (KOHA)
Koha item type Books
Holdings
Withdrawn status Lost status Damaged status Home library Current library Date acquired Full call number Barcode Date last seen Price effective from Koha item type
      UMT Main Campus UMT Main Campus 2017-10-09 RHC 891.4398 ZEE- 112809 2017-10-09 2017-10-09 Books